000 02008cam a22003018a 4500
001 6710819
003 CaAEU
005 20250516101612.0
008 090821r20101998enk 000 0 eng
020 _a9781844674381
035 _aocn317919614
039 _aexclude
040 _aUKM
_beng
_cUKM
_dBTCTA
_dYDXCP
_dEUF
_dAMH
_dUKMGB
_dBDX
_dIBI
_dOCLCF
_dAEU
041 _aeng
049 _aCNKUC
050 4 _aCB251
_b.G584 2010
100 _aGoody, Jack
_925252
245 1 0 _aFood and love
_b: a cultural history of East and West
_cJack Goody.
260 _aLondon :
_bVerso,
_c2010.
300 _aix, 305 pages ;
_c24 cm.
500 _aOriginally published: 1998.
504 _aIncludes bibliographical references (p. 279-296) and index.
520 _aThe development of romantic love, the evolution of national and regional cuisines, the globalization of Chinese food, the histories of various taboos on certain types of food and drink, the uniqueness of the European family—such are the fascinating and diverse themes Goody addresses in Food and Love. Starting with a sustained discussion of the debates on social development in the thought of classic theorists as well as contemporary historical and sociological notions of modernization, Goody goes on to tease out the general historical processes embedded in the most intimate recesses of our lives. In a final bracing section challenging dominant relativist conceptions, Goody considers the difficulties and complexities of cross-cultural and comparative analysis, and he picks apart the doubts involved in the very process of representation and symbolic communication. Throughout this collection, Goody demonstrates that the ethnocentricity of much of Western scholarship has distorted not only the comprehension of the East but also developments in the European past and present.
650 0 _aEast and West
_925253
650 0 _aFood habits
_vCross-cultural studies
_925254
650 0 _aFamilies
_vCross-cultural studies
_925255
942 _2lcc
999 _c4673
_d4673